000 00616cam a2200181 i 4500
005 20251228110253.0
008 250721s1996 sy gr 000 0 ara d
082 1 4 _a218,51
_bع ك ا
100 1 _aعكام، محمود
_eمؤلف.
245 1 0 _aسبيل المعروف :
_bبحث علمي و عملي يحتاجه كل مسلم /
264 3 1 _aحلب :
_bفصلت للدراسات والنشر،
_c1996.
300 _a175صفحه
650 1 7 _aالوعظ و الإرشاد.
650 1 7 _aالقرآن الكريم.
650 1 7 _aالحديث الشريف.
942 _2ddc
_cBK
999 _c4462
_d4462